000 00810nam a2200229Ii 4500
003 JO-AjNU
008 230605s9999||||xx |||||||||||||| ||und||
017 _a1789/5/2009
020 _a978-9957-07-673-3
040 _aJO-AjNU
_bara
_erda
_cJO-AjNU
041 _aara
050 1 4 _aLC3965 .K4248 2010
100 3 _aالخطيب، جمال محمد سعيد ,
_eauthor
_923228
245 0 0 _aمعجم مصطلحات التربية الخاصة والخدمات المساندة : إنجليزي-عربي
250 _aالطبعة الأولى
264 3 1 _aعمان: دار الفكر ، 2010
300 _a327ص
336 _atext
_btxt
_2rdacontent
337 _aunmediated
_bn
_2rdamedia
338 _avolume
_bnc
_2rdacarrier
650 4 _aالتعليم الخاص -- معجم مصطلحات 
_923229
999 _aA8370
_c11938
_d11938